[Event "DEM U12 2025"]
[Site "Willingen GER"]
[Date "2025.06.14"]
[Round "9"]
[White "Aliyev, Amil"]
[Black "Tran, Nhat Nam"]
[Result "0-1"]
[Termination "normal"]
[Board "31"]
[WhiteElo "1664"]
[BlackElo "1341"]
[WhiteClock "00:03:32"]
[BlackClock "00:02:36"]
[PlyCount "158"]
[WhiteFideId "34687270"]
[BlackFideId "34692193"]
[EventCountry "GER"]
[EventRounds "9"]
[EventType "swiss"]
[EventDate "2025.06.07"]

1. d4 {[%clk 01:30:59]} d5 {[%clk 01:30:59]} {[%emt 00:00:02]} 2. c4 {[%clk
01:31:27]} {[%emt 00:00:02]} e6 {[%clk 01:31:14]} {[%emt 00:00:15]} 3. Nc3
{[%clk 01:31:47]} {[%emt 00:00:09]} Nf6 {[%clk 01:31:33]} {[%emt 00:00:11]} 4.
e3 {[%clk 01:31:53]} {[%emt 00:00:25]} Nbd7 {[%clk 01:29:52]} {[%emt 00:02:11]}
5. Nf3 {[%clk 01:31:37]} {[%emt 00:00:46]} c5 {[%clk 01:23:09]} {[%emt
00:07:13]} 6. cxd5 {[%clk 01:31:28]} {[%emt 00:00:38]} exd5 {[%clk 01:22:28]}
{[%emt 00:01:11]} 7. Be2 {[%clk 01:15:12]} {[%emt 00:16:45]} Be7 {[%clk
01:08:24]} {[%emt 00:14:34]} 8. O-O {[%clk 01:15:22]} {[%emt 00:00:20]} O-O
{[%clk 01:05:35]} {[%emt 00:03:19]} 9. b3 {[%clk 01:11:06]} {[%emt 00:04:45]}
Nb6 {[%clk 00:57:43]} {[%emt 00:08:22]} 10. Bb2 {[%clk 01:00:03]} {[%emt
00:11:35]} Re8 {[%clk 00:54:38]} {[%emt 00:03:34]} 11. h3 {[%clk 00:55:13]}
{[%emt 00:05:20]} Be6 {[%clk 00:45:31]} {[%emt 00:09:37]} 12. Rc1 {[%clk
00:49:36]} {[%emt 00:06:08]} a6 {[%clk 00:35:17]} {[%emt 00:10:44]} 13. Qd2
{[%clk 00:41:00]} {[%emt 00:09:06]} Rc8 {[%clk 00:33:51]} {[%emt 00:01:56]} 14.
Ne5 {[%clk 00:23:11]} {[%emt 00:18:19]} cxd4 {[%clk 00:22:57]} {[%emt
00:11:23]} 15. exd4 {[%clk 00:23:06]} {[%emt 00:00:36]} Bb4 {[%clk 00:18:54]}
{[%emt 00:04:32]} 16. Bd3 {[%clk 00:19:01]} {[%emt 00:04:35]} Nfd7 {[%clk
00:18:04]} {[%emt 00:01:21]} 17. Nxd7 {[%clk 00:17:50]} {[%emt 00:01:41]} Qxd7
{[%clk 00:18:16]} {[%emt 00:00:18]} 18. a3 {[%clk 00:17:04]} {[%emt 00:01:16]}
Bd6 {[%clk 00:17:56]} {[%emt 00:00:49]} 19. Ne2 {[%clk 00:14:35]} {[%emt
00:03:00]} Qe7 {[%clk 00:15:28]} {[%emt 00:02:57]} 20. b4 {[%clk 00:10:30]}
{[%emt 00:04:35]} Bd7 {[%clk 00:12:13]} {[%emt 00:03:45]} 21. Rfe1 {[%clk
00:08:51]} {[%emt 00:02:10]} Nc4 {[%clk 00:09:43]} {[%emt 00:02:59]} 22. Bxc4
{[%clk 00:07:43]} {[%emt 00:01:38]} dxc4 {[%clk 00:09:22]} {[%emt 00:00:51]}
23. Nc3 {[%clk 00:05:45]} {[%emt 00:02:28]} Qh4 {[%clk 00:08:39]} {[%emt
00:01:13]} 24. Rxe8+ {[%clk 00:03:26]} {[%emt 00:02:51]} Rxe8 {[%clk 00:08:46]}
{[%emt 00:00:21]} 25. Ne2 {[%clk 00:02:51]} {[%emt 00:01:07]} b5 {[%clk
00:07:17]} {[%emt 00:01:57]} 26. Rc3 {[%clk 00:01:31]} {[%emt 00:01:50]} Bf5
{[%clk 00:04:58]} {[%emt 00:02:50]} 27. Re3 {[%clk 00:01:05]} {[%emt 00:00:54]}
Rxe3 {[%clk 00:01:36]} {[%emt 00:03:53]} 28. Qxe3 {[%clk 00:01:30]} {[%emt
00:00:07]} Qe4 {[%clk 00:01:54]} {[%emt 00:00:11]} 29. Nc3 {[%clk 00:00:50]}
{[%emt 00:01:10]} Qxe3 {[%clk 00:00:54]} {[%emt 00:01:29]} 30. fxe3 {[%clk
00:01:17]} {[%emt 00:00:04]} Bc8 {[%clk 00:01:10]} {[%emt 00:00:13]} 31. Kf2
{[%clk 00:00:56]} {[%emt 00:00:52]} Bb7 {[%clk 00:01:10]} {[%emt 00:00:30]} 32.
e4 {[%clk 00:00:48]} {[%emt 00:00:38]} f6 {[%clk 00:01:27]} {[%emt 00:00:14]}
33. Kf3 {[%clk 00:00:36]} {[%emt 00:00:40]} h5 {[%clk 00:01:22]} {[%emt
00:00:35]} 34. h4 {[%clk 00:00:36]} {[%emt 00:00:31]} g5 {[%clk 00:01:34]}
{[%emt 00:00:18]} 35. hxg5 {[%clk 00:00:50]} {[%emt 00:00:16]} fxg5 {[%clk
00:01:52]} {[%emt 00:00:11]} 36. Bc1 {[%clk 00:00:53]} {[%emt 00:00:28]} g4+
{[%clk 00:01:38]} {[%emt 00:00:44]} 37. Kf2 {[%clk 00:00:52]} {[%emt 00:00:30]}
Be7 {[%clk 00:01:16]} {[%emt 00:00:52]} 38. g3 {[%clk 00:00:37]} {[%emt
00:00:46]} Kf7 {[%clk 00:01:19]} {[%emt 00:00:26]} 39. Bf4 {[%clk 00:00:38]}
{[%emt 00:00:30]} a5 {[%clk 00:00:55]} {[%emt 00:00:55]} 40. Na2 {[%clk
00:00:32]} {[%emt 00:00:35]} axb4 {[%clk 00:01:00]} {[%emt 00:00:25]} 41. axb4
{[%clk 00:23:46]} {[%emt 00:07:51]} Bxe4 {[%clk 00:30:17]} {[%emt 00:01:12]}
42. Ke3 {[%clk 00:20:59]} {[%emt 00:03:17]} Bc6 {[%clk 00:28:53]} {[%emt
00:01:55]} 43. Be5 {[%clk 00:15:33]} {[%emt 00:05:56]} Kg6 {[%clk 00:25:14]}
{[%emt 00:04:09]} 44. Bf4 {[%clk 00:09:53]} {[%emt 00:06:09]} Kf5 {[%clk
00:23:31]} {[%emt 00:02:13]} 45. Be5 {[%clk 00:08:16]} {[%emt 00:02:09]} h4
{[%clk 00:16:50]} {[%emt 00:07:10]} 46. gxh4 {[%clk 00:07:49]} {[%emt
00:00:56]} Bxh4 {[%clk 00:16:46]} {[%emt 00:00:34]} 47. Bh2 {[%clk 00:02:45]}
{[%emt 00:05:34]} g3 {[%clk 00:15:00]} {[%emt 00:02:17]} 48. Bg1 {[%clk
00:02:46]} {[%emt 00:00:29]} Be7 {[%clk 00:14:06]} {[%emt 00:01:22]} 49. Kd2
{[%clk 00:01:33]} {[%emt 00:01:45]} Kg4 {[%clk 00:12:19]} {[%emt 00:02:17]} 50.
Ke2 {[%clk 00:01:10]} {[%emt 00:00:54]} Kh3 {[%clk 00:10:55]} {[%emt 00:01:53]}
51. Kf1 {[%clk 00:01:09]} {[%emt 00:00:31]} Bf3 {[%clk 00:09:21]} {[%emt
00:02:03]} 52. Ke1 {[%clk 00:00:32]} {[%emt 00:01:07]} Kg2 {[%clk 00:08:52]}
{[%emt 00:01:00]} 53. Be3 {[%clk 00:00:38]} {[%emt 00:00:25]} Kh1 {[%clk
00:07:48]} {[%emt 00:01:34]} 54. Kd2 {[%clk 00:00:40]} {[%emt 00:00:28]} g2
{[%clk 00:07:46]} {[%emt 00:00:31]} 55. Bf2 {[%clk 00:00:40]} {[%emt 00:00:31]}
Bg5+ {[%clk 00:06:30]} {[%emt 00:01:47]} 56. Ke1 {[%clk 00:00:38]} {[%emt
00:00:31]} g1=Q+ {[%clk 00:06:08]} {[%emt 00:00:51]} 57. Bxg1 {[%clk 00:01:01]}
{[%emt 00:00:08]} Kxg1 {[%clk 00:06:27]} {[%emt 00:00:11]} 58. Nc3 {[%clk
00:01:08]} {[%emt 00:00:22]} Be7 {[%clk 00:05:48]} {[%emt 00:01:09]} 59. Na2
{[%clk 00:00:58]} {[%emt 00:00:40]} Kg2 {[%clk 00:01:51]} {[%emt 00:04:28]} 60.
Kd2 {[%clk 00:00:42]} {[%emt 00:00:46]} Kf2 {[%clk 00:01:36]} {[%emt 00:00:46]}
61. Kc2 {[%clk 00:00:39]} {[%emt 00:00:34]} Ke3 {[%clk 00:01:30]} {[%emt
00:00:34]} 62. Nc3 {[%clk 00:00:41]} {[%emt 00:00:28]} Bc6 {[%clk 00:01:38]}
{[%emt 00:00:21]} 63. Nd1+ {[%clk 00:00:55]} {[%emt 00:00:16]} Kxd4 {[%clk
00:01:49]} {[%emt 00:00:20]} 64. Nc3 {[%clk 00:01:00]} {[%emt 00:00:24]} Bxb4
{[%clk 00:01:50]} {[%emt 00:00:30]} 65. Na2 {[%clk 00:01:24]} {[%emt 00:00:05]}
Ba5 {[%clk 00:01:57]} {[%emt 00:00:23]} 66. Kb2 {[%clk 00:01:44]} {[%emt
00:00:09]} b4 {[%clk 00:02:11]} {[%emt 00:00:16]} 67. Kb1 {[%clk 00:01:41]}
{[%emt 00:00:34]} c3 {[%clk 00:01:58]} {[%emt 00:00:43]} 68. Kc2 {[%clk
00:01:47]} {[%emt 00:00:22]} Ba4+ {[%clk 00:02:11]} {[%emt 00:00:17]} 69. Kb1
{[%clk 00:02:02]} {[%emt 00:00:15]} b3 {[%clk 00:01:37]} {[%emt 00:01:05]} 70.
Nc1 {[%clk 00:01:57]} {[%emt 00:00:33]} c2+ {[%clk 00:01:24]} {[%emt 00:00:44]}
71. Kb2 {[%clk 00:02:05]} {[%emt 00:00:22]} Bc3+ {[%clk 00:01:33]} {[%emt
00:00:21]} 72. Ka3 {[%clk 00:02:31]} {[%emt 00:00:04]} b2 {[%clk 00:01:18]}
{[%emt 00:00:46]} 73. Ne2+ {[%clk 00:02:56]} {[%emt 00:00:05]} Kd3 {[%clk
00:01:13]} {[%emt 00:00:34]} 74. Nf4 {[%clk 00:02:44]} {[%emt 00:00:43]} Kd2
{[%clk 00:01:32]} {[%emt 00:00:11]} 75. Nd3 {[%clk 00:02:30]} {[%emt 00:00:43]}
c1=Q {[%clk 00:01:22]} {[%emt 00:00:39]} 76. Nxc1 {[%clk 00:02:26]} {[%emt
00:00:35]} bxc1=Q+ {[%clk 00:01:39]} {[%emt 00:00:12]} 77. Kxa4 {[%clk
00:02:40]} {[%emt 00:00:18]} Qb1 {[%clk 00:01:47]} {[%emt 00:00:22]} 78. Ka3
{[%clk 00:03:06]} {[%emt 00:00:04]} Qb4+ {[%clk 00:02:11]} {[%emt 00:00:06]}
79. Ka2 {[%clk 00:03:32]} {[%emt 00:00:05]} Qb2# {[%clk 00:02:36]} {[%emt
00:00:03]} 0-1

[Event "DEM U12 2025"]
[Site "Willingen GER"]
[Date "2025.06.14"]
[Round "9"]
[White "Nikonenko, Tymofii"]
[Black "Hübner, Paul"]
[Result "1-0"]
[Termination "normal"]
[Board "32"]
[WhiteElo "1495"]
[BlackElo "1849"]
[WhiteClock "01:28:14"]
[BlackClock "01:24:26"]
[PlyCount "51"]
[WhiteFideId "34166246"]
[BlackFideId "34684115"]
[EventCountry "GER"]
[EventRounds "9"]
[EventType "swiss"]
[EventDate "2025.06.07"]

1. d4 {[%clk 01:30:42]} {[%emt 00:00:17]} Nf6 {[%clk 01:30:42]} {[%emt
00:00:18]} 2. c4 {[%clk 01:31:06]} {[%emt 00:00:07]} e6 {[%clk 01:31:04]}
{[%emt 00:00:07]} 3. Nc3 {[%clk 01:31:32]} {[%emt 00:00:05]} Bb4 {[%clk
01:31:08]} {[%emt 00:00:27]} 4. Qc2 {[%clk 01:31:56]} {[%emt 00:00:06]} d5
{[%clk 01:30:31]} {[%emt 00:01:06]} 5. a3 {[%clk 01:32:05]} {[%emt 00:00:22]}
Bxc3+ {[%clk 01:30:41]} {[%emt 00:00:18]} 6. Qxc3 {[%clk 01:32:19]} {[%emt
00:00:17]} O-O {[%clk 01:30:29]} {[%emt 00:00:42]} 7. Bg5 {[%clk 01:32:46]}
{[%emt 00:00:03]} b6 {[%clk 01:30:24]} {[%emt 00:00:35]} 8. Nf3 {[%clk
01:32:45]} {[%emt 00:00:31]} Ba6 {[%clk 01:30:00]} {[%emt 00:00:54]} 9. e3
{[%clk 01:32:51]} {[%emt 00:00:24]} Nbd7 {[%clk 01:29:29]} {[%emt 00:01:01]}
10. Ne5 {[%clk 01:33:09]} {[%emt 00:00:11]} Qc8 {[%clk 01:26:50]} {[%emt
00:03:08]} 11. Nxd7 {[%clk 01:32:40]} {[%emt 00:01:01]} Nxd7 {[%clk 01:26:54]}
{[%emt 00:00:26]} 12. b4 {[%clk 01:31:38]} {[%emt 00:01:32]} c5 {[%clk
01:26:31]} {[%emt 00:00:52]} 13. b5 {[%clk 01:31:39]} {[%emt 00:00:29]} Bb7
{[%clk 01:26:44]} {[%emt 00:00:17]} 14. cxd5 {[%clk 01:30:54]} {[%emt
00:01:16]} Bxd5 {[%clk 01:26:25]} {[%emt 00:00:49]} 15. Bd3 {[%clk 01:29:49]}
{[%emt 00:01:35]} Bxg2 {[%clk 01:26:34]} {[%emt 00:00:20]} 16. Rg1 {[%clk
01:30:10]} {[%emt 00:00:10]} Bd5 {[%clk 01:26:00]} {[%emt 00:01:03]} 17. Bh6
{[%clk 01:30:29]} {[%emt 00:00:12]} g6 {[%clk 01:25:31]} {[%emt 00:00:59]} 18.
dxc5 {[%clk 01:29:54]} {[%emt 00:01:05]} e5 {[%clk 01:24:45]} {[%emt 00:01:16]}
19. Bxf8 {[%clk 01:29:38]} {[%emt 00:00:46]} Kxf8 {[%clk 01:25:09]} {[%emt
00:00:05]} 20. c6 {[%clk 01:29:54]} {[%emt 00:00:15]} Nc5 {[%clk 01:25:10]}
{[%emt 00:00:26]} 21. Bc4 {[%clk 01:30:14]} {[%emt 00:00:13]} Bxc4 {[%clk
01:24:57]} {[%emt 00:00:42]} 22. Qxc4 {[%clk 01:29:49]} {[%emt 00:00:56]} Qf5
{[%clk 01:24:56]} {[%emt 00:00:30]} 23. Rd1 {[%clk 01:28:57]} {[%emt 00:01:22]}
Ne4 {[%clk 01:25:03]} {[%emt 00:00:23]} 24. Rf1 {[%clk 01:28:29]} {[%emt
00:00:58]} Nf6 {[%clk 01:24:49]} {[%emt 00:00:44]} 25. c7 {[%clk 01:28:37]}
{[%emt 00:00:23]} Ne8 {[%clk 01:24:26]} {[%emt 00:00:53]} 26. Rd8 {[%clk
01:28:14]} {[%emt 00:00:53]} 1-0

[Event "DEM U12 2025"]
[Site "Willingen GER"]
[Date "2025.06.14"]
[Round "9"]
[White "Li, Yunqi"]
[Black "Gusev, Daniil"]
[Result "1-0"]
[Termination "normal"]
[Board "33"]
[WhiteElo "2124"]
[BlackElo "1890"]
[WhiteClock "00:23:14"]
[BlackClock "00:28:01"]
[PlyCount "91"]
[WhiteFideId "34610618"]
[BlackFideId "55683886"]
[EventCountry "GER"]
[EventRounds "9"]
[EventType "swiss"]
[EventDate "2025.06.07"]

1. d4 {[%clk 01:30:57]} {[%emt 00:00:03]} Nf6 {[%clk 01:30:57]} {[%emt
00:00:04]} 2. Nf3 {[%clk 01:31:19]} {[%emt 00:00:07]} b6 {[%clk 01:31:25]}
{[%emt 00:00:03]} 3. e3 {[%clk 01:30:52]} {[%emt 00:00:57]} Bb7 {[%clk
01:29:35]} {[%emt 00:02:21]} 4. Bd3 {[%clk 01:28:02]} {[%emt 00:03:20]} g6
{[%clk 01:29:51]} {[%emt 00:00:14]} 5. b3 {[%clk 01:24:22]} {[%emt 00:04:10]}
Bg7 {[%clk 01:29:45]} {[%emt 00:00:35]} 6. Bb2 {[%clk 01:24:43]} {[%emt
00:00:10]} O-O {[%clk 01:30:02]} {[%emt 00:00:12]} 7. O-O {[%clk 01:25:05]}
{[%emt 00:00:08]} d6 {[%clk 01:27:32]} {[%emt 00:03:01]} 8. Nbd2 {[%clk
01:19:35]} {[%emt 00:05:59]} Nbd7 {[%clk 01:26:52]} {[%emt 00:01:11]} 9. c4
{[%clk 01:18:30]} {[%emt 00:01:35]} e5 {[%clk 01:25:22]} {[%emt 00:01:59]} 10.
Qc2 {[%clk 01:09:53]} {[%emt 00:09:07]} Re8 {[%clk 01:24:07]} {[%emt 00:01:45]}
11. d5 {[%clk 01:03:02]} {[%emt 00:07:22]} Nc5 {[%clk 01:22:50]} {[%emt
00:01:47]} 12. Be2 {[%clk 00:59:10]} {[%emt 00:04:22]} a5 {[%clk 01:21:50]}
{[%emt 00:01:31]} 13. a3 {[%clk 00:58:43]} {[%emt 00:00:56]} Bc8 {[%clk
01:21:51]} {[%emt 00:00:29]} 14. e4 {[%clk 00:57:22]} {[%emt 00:01:52]} Nh5
{[%clk 01:20:55]} {[%emt 00:01:25]} 15. b4 {[%clk 00:50:50]} {[%emt 00:07:01]}
Nf4 {[%clk 01:18:27]} {[%emt 00:02:57]} 16. Rfe1 {[%clk 00:51:11]} {[%emt
00:00:09]} Nb7 {[%clk 01:18:38]} {[%emt 00:00:19]} 17. Bf1 {[%clk 00:41:09]}
{[%emt 00:10:33]} f5 {[%clk 01:17:38]} {[%emt 00:01:30]} 18. Bc3 {[%clk
00:35:12]} {[%emt 00:06:27]} g5 {[%clk 01:16:51]} {[%emt 00:01:17]} 19. g3
{[%clk 00:32:54]} {[%emt 00:02:47]} fxe4 {[%clk 01:14:09]} {[%emt 00:03:13]}
20. Nxe4 {[%clk 00:32:39]} {[%emt 00:00:45]} Ng6 {[%clk 00:59:45]} {[%emt
00:14:53]} 21. Nexg5 {[%clk 00:26:32]} {[%emt 00:06:37]} Qf6 {[%clk 00:55:03]}
{[%emt 00:05:13]} 22. Bd3 {[%clk 00:23:49]} {[%emt 00:03:13]} Bg4 {[%clk
00:54:37]} {[%emt 00:00:55]} 23. Nxh7 {[%clk 00:23:41]} {[%emt 00:00:38]} Kxh7
{[%clk 00:53:43]} {[%emt 00:01:24]} 24. Nh4 {[%clk 00:24:04]} {[%emt 00:00:07]}
Bh5 {[%clk 00:54:08]} {[%emt 00:00:06]} 25. f4 {[%clk 00:24:20]} {[%emt
00:00:14]} axb4 {[%clk 00:50:42]} {[%emt 00:03:57]} 26. axb4 {[%clk 00:23:15]}
{[%emt 00:01:35]} Rxa1 {[%clk 00:50:53]} {[%emt 00:00:19]} 27. Rxa1 {[%clk
00:23:33]} {[%emt 00:00:12]} Bh6 {[%clk 00:44:12]} {[%emt 00:07:10]} 28. Rf1
{[%clk 00:23:10]} {[%emt 00:00:53]} Rg8 {[%clk 00:36:10]} {[%emt 00:08:33]} 29.
fxe5 {[%clk 00:23:13]} {[%emt 00:00:26]} Qg5 {[%clk 00:36:35]} {[%emt
00:00:05]} 30. e6 {[%clk 00:23:07]} {[%emt 00:00:37]} Rf8 {[%clk 00:34:02]}
{[%emt 00:03:04]} 31. e7 {[%clk 00:19:42]} {[%emt 00:03:54]} Re8 {[%clk
00:30:48]} {[%emt 00:03:44]} 32. Nxg6 {[%clk 00:19:29]} {[%emt 00:00:42]} Kg8
{[%clk 00:25:53]} {[%emt 00:05:26]} 33. Bd2 {[%clk 00:18:53]} {[%emt 00:01:05]}
Qxd2 {[%clk 00:24:33]} {[%emt 00:01:50]} 34. Qxd2 {[%clk 00:19:15]} {[%emt
00:00:08]} Bxd2 {[%clk 00:24:59]} {[%emt 00:00:05]} 35. Rf8+ {[%clk 00:19:40]}
{[%emt 00:00:05]} Kg7 {[%clk 00:25:04]} {[%emt 00:00:24]} 36. Rxe8 {[%clk
00:20:02]} {[%emt 00:00:08]} Be3+ {[%clk 00:25:21]} {[%emt 00:00:13]} 37. Kg2
{[%clk 00:20:18]} {[%emt 00:00:14]} Bxg6 {[%clk 00:25:19]} {[%emt 00:00:32]}
38. Bxg6 {[%clk 00:20:39]} {[%emt 00:00:08]} Kf6 {[%clk 00:25:38]} {[%emt
00:00:11]} 39. Rb8 {[%clk 00:20:48]} {[%emt 00:00:22]} Kxe7 {[%clk 00:25:47]}
{[%emt 00:00:21]} 40. Rxb7 {[%clk 00:21:13]} {[%emt 00:00:05]} Kf6 {[%clk
00:26:12]} {[%emt 00:00:05]} 41. Be4 {[%clk 00:21:27]} {[%emt 00:00:15]} Ke5
{[%clk 00:26:33]} {[%emt 00:00:10]} 42. Kf3 {[%clk 00:21:53]} {[%emt 00:00:03]}
Bd2 {[%clk 00:26:59]} {[%emt 00:00:05]} 43. Rxc7 {[%clk 00:21:59]} {[%emt
00:00:24]} Bxb4 {[%clk 00:27:22]} {[%emt 00:00:07]} 44. Ke3 {[%clk 00:22:24]}
{[%emt 00:00:05]} Bc5+ {[%clk 00:27:47]} {[%emt 00:00:06]} 45. Kd3 {[%clk
00:22:49]} {[%emt 00:00:05]} Bg1 {[%clk 00:28:01]} {[%emt 00:00:16]} 46. Rf7
{[%clk 00:23:14]} {[%emt 00:00:05]} 1-0